000
00314nam a22001337a 4500
999
_c
528434
_d
528434
003
NUST
038
_a
msohail
082
_a
0
100
_a
The ASPHALT Institute
_9
20237
245
_a
Ashphalt pavement thickness design
260
_a
Lexington
_b
The ASPHALT Institute
_c
1983
300
_a
14,p;
942
_2
ddc
_c
BK